|
|
|
|
| LEADER |
00000cam a2200000 7i4500 |
| 001 |
0000053695 |
| 005 |
20151025.0 |
| 008 |
151025 |
| 020 |
|
|
|a 0862880084
|
| 020 |
|
|
|a 9780862880088
|
| 090 |
0 |
0 |
|a 552
|b DIX
|
| 100 |
1 |
|
|a Dixon, Dougal
|
| 245 |
0 |
0 |
|a Rocks & Minerals :
|b The Practical Guide To Geology
|c Dougal Dixon
|
| 260 |
|
|
|a London :
|b Greeenwich Editions ,
|c 1996
|
| 300 |
|
|
|a 160pg
|
| 500 |
|
|
|a Includes Glossary & Index
|
| 650 |
|
0 |
|a minerals
|x Juvenile literature
|
| 650 |
|
0 |
|a Rocks
|x Juvenile literature
|
| 999 |
|
|
|a 0000797063
|b Book
|c Adult Collection
|e Cawangan Segamat
|
| 999 |
|
|
|a 0000798820
|b Book
|c Adult Collection
|e Cawangan Pontian
|
| 999 |
|
|
|a 0000827992
|b Book
|c Adult Collection
|e Cawangan Muar
|
| 999 |
|
|
|a 0000827993
|b Book
|c Adult Collection
|e Cawangan Pontian
|
| 999 |
|
|
|a 0000827995
|b Book
|c Adult Collection
|e Cawangan Segamat
|